[Event "Spit & Sawdust Knock-out Blitz"]
[Site "SchemingMind.com"]
[Date "2009.04.09"]
[Round "-"]
[White "Clive Everill"]
[Black "Phillip Beckett"]
[Result "1/2-1/2"]
[WhiteCountry "CZE"]
[BlackCountry "ENG"]
[WhiteElo "1682"]
[WhiteRD "51"]
[BlackElo "1620"]
[BlackRD "56"]
[GameID "199744"]

1. c4 e6 2. Nc3 d5 3. e3 Nf6 4. Nf3 Be7 5. d4 O-O 6. c5 c6 7. Be2 Nbd7 8. b4 Qc7 9. O-O e5 10. a4 e4
11. Ne1 Re8 12. b5 Nf8 13. f3 exf3 14. Nxf3 Ng6 15. Qc2 Bf8 16. Bd3 a6 17. b6 Qd8 18. e4 dxe4 19. Nxe4 Nxe4 20. Bxe4 Be6
21. Ng5 Bd5 22. Bxd5 Qxd5 23. Nxf7 Qxd4+ 24. Kh1 Qxa1 25. Qc4 Bxc5 26. Nh6+ Kh8=
1/2-1/2

[Event "Spit & Sawdust Knock-out Blitz"]
[Site "SchemingMind.com"]
[Date "2009.04.09"]
[Round "-"]
[White "lemmie"]
[Black "lame wolf"]
[Result "1-0"]
[WhiteCountry "NED"]
[BlackCountry "INT"]
[WhiteElo "1754"]
[WhiteRD "52"]
[BlackElo "1082"]
[BlackRD "47"]
[GameID "199745"]

1. e4 g5 2. d4 h6 3. b3 d5 4. Nc3 e6 5. Bb2 f5 6. exd5 Bb4 7. dxe6 Ne7 8. Bc4 Nbc6 9. Ne2 Qd6 10. O-O Bxe6
11. d5 Bxd5 12. Nxd5 O-O-O 13. Bxh8 Rxh8 14. Nxe7+ Qxe7 15. c3 Bc5 16. b4 Bd6 17. Re1 f4 18. Nxf4 Qf6 19. Ne2 Re8 20. Nd4 Rxe1+
21. Qxe1 b6 22. Nxc6 Bf4 23. Ne7+ Kb7 24. Qe4+ Kb8 25. Ba6
1-0

[Event "Spit & Sawdust Knock-out Blitz"]
[Site "SchemingMind.com"]
[Date "2009.04.09"]
[Round "-"]
[White "Phillip Beckett"]
[Black "Clive Everill"]
[Result "0-1"]
[WhiteCountry "ENG"]
[BlackCountry "CZE"]
[WhiteElo "1620"]
[WhiteRD "56"]
[BlackElo "1682"]
[BlackRD "51"]
[GameID "199751"]

1. d4 Nf6 2. e3 g6 3. Bd3 Bg7 4. f4 d6 5. Nf3 Nbd7 6. O-O b6 7. c3 Bb7 8. Nbd2 O-O 9. e4 Ng4 10. Qe2 e6
11. h3 Ngf6 12. e5 Nh5 13. Qe3 Ng3 14. Re1 Nf5 15. Ne4 Nxe3
0-1

[Event "Spit & Sawdust Knock-out Blitz"]
[Site "SchemingMind.com"]
[Date "2009.04.09"]
[Round "-"]
[White "lame wolf"]
[Black "lemmie"]
[Result "0-1"]
[WhiteCountry "INT"]
[BlackCountry "NED"]
[WhiteElo "1082"]
[WhiteRD "47"]
[BlackElo "1754"]
[BlackRD "52"]
[GameID "199752"]

1. c4 e5 2. d4 exd4 3. Qxd4 Nc6 4. Qd1 Nf6 5. e3 d6 6. b3 g6 7. Bb2 Bg7 8. Bd3 O-O 9. Nd2 Nb4 10. Bc3 Nxd3+
11. Ke2 Nc5 12. Ngf3 Bf5 13. Re1 Bd3#
0-1

[Event "Spit & Sawdust Knock-out Blitz"]
[Site "SchemingMind.com"]
[Date "2009.04.11"]
[Round "-"]
[White "MrPerry"]
[Black "myghtyhill"]
[Result "1-0"]
[WhiteCountry "USA"]
[BlackCountry "CHN"]
[WhiteElo "1846"]
[WhiteRD "79"]
[BlackElo "1707"]
[BlackRD "80"]
[GameID "199950"]

1. d4 d5 2. c4 e6 3. Nc3 Nf6 4. cxd5 exd5 5. Bg5 Nbd7 6. e3 c6 7. Bd3 Bd6 8. Nge2 h6 9. Bh4 Nf8 10. Qc2 Be6
11. a3 g5 12. Bg3 Bxg3 13. hxg3 Qd6 14. e4 dxe4 15. Nxe4 Nxe4 16. Bxe4 O-O-O 17. O-O-O Kb8 18. Kb1 Nd7 19. Bf5 Nf6 20. Rhe1 Nd5
21. Bxe6 fxe6 22. Nc3 Rhf8 23. Nxd5 exd5 24. Re2 Rf6 25. Rde1 Rdf8 26. Qh7 R8f7 27. Re8+ Kc7 28. R8e7+ Rxe7 29. Rxe7+ Kb6 30. Rxb7+ Ka6
31. Rxa7+ Kb5 32. Qd3+ Kb6 33. Qa6#
1-0

[Event "Spit & Sawdust Knock-out Blitz"]
[Site "SchemingMind.com"]
[Date "2009.04.15"]
[Round "-"]
[White "reo"]
[Black "maro"]
[Result "1-0"]
[WhiteCountry "THA"]
[BlackCountry "MEX"]
[WhiteElo "1861"]
[WhiteRD "70"]
[BlackElo "1335"]
[BlackRD "48"]
[GameID "199951"]

1. e4 e5 2. Nf3 Nc6 3. Bb5 Nge7 4. c3 a6 5. Ba4 Na5 6. d4 f6 7. dxe5 f5 8. Qe2 b6 9. exf5 Nxf5 10. Qe4 Bb7
11. Qxf5 Bc6 12. Bc2 g6 13. Qg4 Qe7 14. Bg5 Bxf3 15. gxf3 O-O-O 16. Bxe7 Bxe7 17. Nd2 h5 18. Qe4 c6 19. O-O-O Rhf8 20. Qxg6 h4
21. Qg4 Rg8 22. Qa4 Bc5 23. Ne4 Bf8 24. b4 Bh6+ 25. Kb1 d5 26. bxa5 b5 27. Qb3 Bf8 28. Nf6 Rg2 29. Bf5+ Kc7 30. Ng4
1-0

[Event "Spit & Sawdust Knock-out Blitz"]
[Site "SchemingMind.com"]
[Date "2009.04.11"]
[Round "-"]
[White "myghtyhill"]
[Black "MrPerry"]
[Result "0-1"]
[WhiteCountry "CHN"]
[BlackCountry "USA"]
[WhiteElo "1707"]
[WhiteRD "80"]
[BlackElo "1846"]
[BlackRD "79"]
[GameID "199960"]

1. e4 c5 2. Nf3 d6 3. d4 cxd4 4. Nxd4 Nf6 5. Nc3 g6 6. Be2 Bg7 7. Be3 Nc6 8. O-O O-O 9. Nb3 Be6 10. f4 Qc8
11. Kh1 Rd8 12. h3 Bxh3 13. f5 gxf5 14. gxh3 f4 15. Bxf4 Qxh3+ 16. Bh2 Ne5 17. Nd5 Nfg4 18. Bxg4 Nxg4 19. Qe2 e6 20. Nf4 Qh4
21. Rf3 Be5 22. Rg1 Kh8 23. Nd2 Rg8 24. Nc4 Nxh2 25. Rxg8+ Rxg8
0-1

[Event "Spit & Sawdust Knock-out Blitz"]
[Site "SchemingMind.com"]
[Date "2009.04.15"]
[Round "-"]
[White "maro"]
[Black "reo"]
[Result "0-1"]
[WhiteCountry "MEX"]
[BlackCountry "THA"]
[WhiteElo "1335"]
[WhiteRD "48"]
[BlackElo "1861"]
[BlackRD "70"]
[GameID "199961"]

1. d4 d5 2. Nf3 Nf6 3. Bf4 c5 4. dxc5 Qa5+ 5. c3 Qxc5 6. b4 Qc6 7. Ne5 Qb6 8. e3 Nc6 9. a4 a5 10. b5 Nxe5
11. Bxe5 Bf5 12. Bd3 Bxd3 13. Qxd3 Rd8 14. O-O Ng4 15. Bf4 e5 16. Bg5 Nf6 17. Nd2 e4 18. Qe2 h6 19. Bf4 Bd6 20. Bxd6 Qxd6
21. h3 O-O 22. Rfd1 Qc5 23. Rac1 Qa3 24. Ra1 Qxc3 25. Rac1 Qb4 26. g4 b6 27. h4 g5 28. hxg5 hxg5 29. f4 gxf4 30. exf4 Qe7
31. g5 Nh7 32. Rc6 Rd6 33. Rdc1 Rg6 34. Rc7 Qd6 35. R7c6 Qxf4 36. Rxg6+ fxg6 37. Rf1 Qxg5+ 38. Qg2 Qxg2+ 39. Kxg2 Rxf1 40. Kxf1 Nf6
41. Ke2 Kf7 42. Ke3 g5 43. Nf1 Ke6 44. Ng3 Ke5
0-1

[Event "Spit & Sawdust Knock-out Blitz"]
[Site "SchemingMind.com"]
[Date "2009.04.12"]
[Round "-"]
[White "Eden"]
[Black "Schaakmaatje"]
[Result "1-0"]
[WhiteCountry "CZE"]
[BlackCountry "NED"]
[WhiteElo "1551"]
[WhiteRD "63"]
[BlackElo "1755"]
[BlackRD "49"]
[GameID "200063"]

1. e4 c5 2. a4 a6 3. Bc4 Nc6 4. Qh5 e6 5. c3 Nf6 6. Qf3 d5 7. exd5 exd5 8. Be2 Bd6 9. b3 O-O 10. h3 Re8
11. g4 Ne5 12. Qg2 Bf8 13. d3 Nxd3+ 14. Kd1 Nf4 15. Bxf4 Ne4 16. Kc2 g5 17. Be3 Bd6 18. Nf3 h6 19. h4 f5 20. gxf5 Bxf5
21. Bd3 c4 22. bxc4 dxc4 23. Bxc4+ Kf8 24. Bd3 Rc8 25. hxg5 Qa5 26. c4 Rxc4+ 27. Bxc4 Nxf2+ 28. Kc1 Rxe3 29. Qxf2 Rc3+ 30. Kd1 Rxc4
31. Nfd2 Rf4 32. Qe3 Bg4+ 33. Kc1 Qxg5 34. Nc3 Kg7 35. Rb1 Ba3+ 36. Kc2 Bc5 37. Rxb7+ Kg6 38. Qe8+ Kf6 39. Rf7+
1-0

[Event "Spit & Sawdust Knock-out Blitz"]
[Site "SchemingMind.com"]
[Date "2009.04.12"]
[Round "-"]
[White "Schaakmaatje"]
[Black "Eden"]
[Result "1-0"]
[WhiteCountry "NED"]
[BlackCountry "CZE"]
[WhiteElo "1755"]
[WhiteRD "49"]
[BlackElo "1551"]
[BlackRD "63"]
[GameID "200070"]

1. e4 e6 2. Nf3 c5 3. d4 Nc6 4. c3 a6 5. Be3 b6 6. Be2 Bb7 7. Nbd2 h6 8. O-O g5 9. d5 Nce7 10. c4 Qc7
11. Re1 Bg7 12. Rb1 O-O-O 13. Nf1 exd5 14. exd5 d6 15. h3 Be5 16. Nxe5 dxe5 17. Ng3 f5 18. Bc1 Nf6 19. Bd3 e4 20. Bc2 b5
21. b3 bxc4 22. bxc4 g4 23. Nxe4 fxe4 24. hxg4 h5 25. gxh5 Rxh5 26. g3 Nf5 27. Bf4 Qh7 28. Kf1 Rh1+ 29. Ke2 Nd4+ 30. Kd2 Nf3+
31. Qxf3 Rxe1 32. Rxe1 exf3 33. Bxh7 Nxh7 34. Re7 Nf6 35. Rc7+ Kb8 36. Rf7+ Kc8 37. Rxf6 a5 38. Be3 Kd7 39. Rxf3 a4 40. Bxc5 Rc8
41. Rf7+ Ke8 42. Rf8+
1-0

[Event "Spit & Sawdust Knock-out Blitz"]
[Site "SchemingMind.com"]
[Date "2009.04.14"]
[Round "-"]
[White "waldron"]
[Black "rkttkr"]
[Result "1-0"]
[WhiteCountry "USA"]
[BlackCountry "ENG"]
[WhiteElo "2150"]
[WhiteRD "75"]
[BlackElo "2090"]
[BlackRD "71"]
[GameID "200272"]

1. e4 e6 2. d4 d5 3. Nc3 Bb4 4. e5 b6 5. a3 Bf8 6. Nf3 c5 7. Bg5 Be7 8. Bxe7 Nxe7 9. Bb5+ Bd7 10. O-O Bxb5
11. Nxb5 O-O 12. c4 a6 13. Nd6 Nbc6 14. cxd5 Nxd5 15. Rc1 Nxd4 16. Nxd4 cxd4 17. Qxd4 Qd7 18. Rc2 f6 19. Rfc1 b5 20. g3 f5
21. Rc5 f4 22. Rxd5 exd5 23. Qxd5+ Kh8 24. e6 Qe7 25. gxf4 h6 26. Qe5 Kg8 27. Rc6 Rf6 28. f5 Rff8 29. Kf1 Kh7 30. Qg3 Rf6
31. Ne4 Rxf5 32. Rc7 Qf8 33. e7 Qg8 34. Qg4 Rf7 35. Ng5+
1-0

[Event "Spit & Sawdust Knock-out Blitz"]
[Site "SchemingMind.com"]
[Date "2009.04.14"]
[Round "-"]
[White "rkttkr"]
[Black "waldron"]
[Result "1-0"]
[WhiteCountry "ENG"]
[BlackCountry "USA"]
[WhiteElo "2059"]
[WhiteRD "77"]
[BlackElo "2128"]
[BlackRD "71"]
[GameID "200279"]

1. e4 e6 2. d4 d5 3. Nc3 Nf6 4. e5 Nfd7 5. Nf3 c5 6. dxc5 Nc6 7. Bf4 Bxc5 8. Bd3 f6 9. exf6 Nxf6 10. O-O O-O
11. Ne5 Bd7 12. Qe2 Qe7 13. Rae1 Rae8 14. Bg3 a6 15. a3 Nxe5 16. Bxe5 Bc6 17. Kh1 Nd7 18. Qh5 g6 19. Bxg6 Nxe5 20. Bxe8 Rf5
21. Qxf5 exf5 22. Bxc6 bxc6 23. f4 Qb7 24. fxe5 Qxb2 25. Na4 Qxc2 26. Nxc5 Qxc5 27. e6 Qe7 28. Rxf5
1-0

[Event "Spit & Sawdust Knock-out Blitz"]
[Site "SchemingMind.com"]
[Date "2009.04.17"]
[Round "-"]
[White "jesusch"]
[Black "TONYTODD11"]
[Result "1-0"]
[WhiteCountry "ESP"]
[BlackCountry "ENG"]
[WhiteElo "1749"]
[WhiteRD "90"]
[BlackElo "1511"]
[BlackRD "70"]
[GameID "200419"]

1. e4 c6 2. Nf3 d5 3. exd5 cxd5 4. d4 Bg4 5. h3 Bxf3 6. Qxf3 Nf6 7. Bd3 Nc6 8. c3 Qc7 9. Bf4 Qb6 10. b3 Nxd4
11. cxd4 Qxd4 12. Bb5+ Nd7 13. Nc3 Qb4 14. O-O g6 15. Nxd5 Qa5 16. Bxd7+ Kxd7 17. Nf6+ exf6 18. Qxb7+ Ke6 19. Qc6+ Kf5 20. Rae1
1-0

[Event "Spit & Sawdust Knock-out Blitz"]
[Site "SchemingMind.com"]
[Date "2009.04.17"]
[Round "-"]
[White "TONYTODD11"]
[Black "jesusch"]
[Result "0-1"]
[WhiteCountry "ENG"]
[BlackCountry "ESP"]
[WhiteElo "1511"]
[WhiteRD "70"]
[BlackElo "1749"]
[BlackRD "90"]
[GameID "200424"]

1. e4 c5 2. d4 cxd4 3. c3 dxc3 4. Nxc3 Nc6 5. Bd3 g6 6. Nf3 Bg7 7. Bd2 Nf6 8. O-O O-O 9. Qe2 d6 10. Rac1 Bg4
11. h3 Nd4 12. Qe3 Nxf3+ 13. gxf3 Bxh3 14. Rfd1 Qd7 15. Ne2 Rfc8 16. Bc3 Rc5 17. e5 Nd5 18. Qg5 Nxc3 19. bxc3 Rxe5 20. Qf4 Rc8
21. Bc4 Rxc4 22. Qxc4 Qf5 23. Qd3 Rxe2 24. Qxf5 Bxf5 25. a4 Ra2 26. Re1 e6 27. Red1 d5 28. c4 d4 29. c5 Bc2 30. Rd2 d3
31. f4 Bc3 32. Rxd3 Bxd3 33. Rxc3 Be4 34. Rc4 Bc6 35. Rc3 Rxa4 36. f5 exf5 37. Kf1 h5
0-1

[Event "Spit & Sawdust Knock-out Blitz"]
[Site "SchemingMind.com"]
[Date "2009.05.12"]
[Round "-"]
[White "reo"]
[Black "lemmie"]
[Result "1-0"]
[WhiteCountry "THA"]
[BlackCountry "NED"]
[WhiteElo "1861"]
[WhiteRD "70"]
[BlackElo "1701"]
[BlackRD "52"]
[GameID "204436"]

1. d4 d5 2. c4 dxc4 3. Nf3 Nf6 4. e3 Bg4 5. Bxc4 e6 6. h3 Bf5 7. Nc3 Bb4 8. O-O O-O 9. a3 Bd6 10. Re1 a6
11. e4 b5 12. Ba2 Bxh3 13. gxh3 Be7 14. Qc2 h6 15. Kh1 Nbd7 16. e5 Nd5 17. Rg1 Kh8 18. Bb1 g6 19. Rxg6 fxg6 20. Qxg6 Rxf3
21. Qh7#
1-0

[Event "Spit & Sawdust Knock-out Blitz"]
[Site "SchemingMind.com"]
[Date "2009.05.12"]
[Round "-"]
[White "lemmie"]
[Black "reo"]
[Result "1-0"]
[WhiteCountry "NED"]
[BlackCountry "THA"]
[WhiteElo "1673"]
[WhiteRD "53"]
[BlackElo "1847"]
[BlackRD "67"]
[GameID "204449"]

1. e4 e6 2. d4 d5 3. Nc3 Nf6 4. e5 Nfd7 5. f4 c5 6. Nf3 Nc6 7. Be3 cxd4 8. Nxd4 Bc5 9. Nxc6 bxc6 10. Bxc5 Nxc5
11. a3 O-O 12. b4 Nd7 13. Qg4 a6 14. Bd3 c5 15. O-O h6 16. Na2 a5 17. f5 Nxe5 18. Qg3 Nxd3 19. cxd3 exf5 20. bxc5 d4
21. Nc1 Qd5 22. Ne2 Qxc5 23. Rfc1 Qd5 24. Rc4 Ba6 25. Rxd4 Qc5 26. Kh1 Rfd8 27. Rxd8+ Rxd8 28. d4 Qc2 29. Ng1 Rxd4 30. Re1 Rg4
31. Qf3 Bb5 32. h3 Rxg2 33. Qxg2 Bc6 34. Nf3
1-0

[Event "Spit & Sawdust Knock-out Blitz"]
[Site "SchemingMind.com"]
[Date "2009.05.14"]
[Round "-"]
[White "Schaakmaatje"]
[Black "Clive Everill"]
[Result "1-0"]
[WhiteCountry "NED"]
[BlackCountry "CZE"]
[WhiteElo "1775"]
[WhiteRD "50"]
[BlackElo "1632"]
[BlackRD "49"]
[GameID "204752"]

1. e4 c6 2. d4 d5 3. f3 e6 4. Nh3 Nf6 5. Nf2 Bb4+ 6. c3 Ba5 7. Be2 O-O 8. O-O Bc7 9. Bg5 e5 10. Nd2 Nbd7
11. dxe5 Nxe5 12. f4 Ng6 13. e5 Nxf4 14. Bxf4 Ne8 15. Nf3 f6 16. Qd2 fxe5 17. Bxe5 Bxe5 18. Nxe5 Nd6 19. Rae1 Bf5 20. Kh1 Qh4
21. Bd3 Ne4 22. Nxe4 Bxe4 23. Bxe4 dxe4 24. Qd4 Rad8 25. Qc4+ Rd5 26. Rxf8+ Kxf8 27. Rf1+ Ke8 28. Nf3 Qf4 29. Re1 e3 30. Qxf4
1-0

[Event "Spit & Sawdust Knock-out Blitz"]
[Site "SchemingMind.com"]
[Date "2009.05.14"]
[Round "-"]
[White "Clive Everill"]
[Black "Schaakmaatje"]
[Result "0-1"]
[WhiteCountry "CZE"]
[BlackCountry "NED"]
[WhiteElo "1620"]
[WhiteRD "50"]
[BlackElo "1769"]
[BlackRD "51"]
[GameID "204759"]

1. e4 c5 2. Nf3 d6 3. Bb5+ Bd7 4. c4 Bxb5 5. cxb5 e6 6. O-O Be7 7. d4 cxd4 8. Nxd4 Nf6 9. Nc3 Nbd7 10. Be3 Ne5
11. f4 Nc4 12. Bc1 d5 13. e5 Nd7 14. a4 a5 15. bxa6 bxa6 16. b3 Na5 17. Bd2 Bc5 18. Be3 Qb6 19. Rb1 Rc8 20. Na2 Nc6
21. Nxe6 Bxe3+ 22. Kh1 fxe6 23. Qh5+ Kd8 24. Qf7 Kc7 25. Qxe6 Qc5 26. b4 Qc4 27. Qd6+ Kd8 28. e6 Rc7 29. exd7 Rxd7 30. Qe6 Re8
31. Qh3 Qxa2 32. b5 axb5 33. axb5 Nd4 34. Ra1 Qc4 35. Qh4+ Ree7 36. Ra8+ Kc7 37. Ra7+ Kd6 38. Rxd7+ Kxd7 39. Ra1 Nxb5 40. Qxh7 Qxf4
41. Qh3+ Kc7 42. Qh7 Bc1 43. Qc2+ Qc4 44. Qxc1 Qxc1+ 45. Rxc1+ Kd6 46. h4 g6 47. Rc8 Nd4 48. Rg8 Re6 49. Rd8+ Ke5 50. g3 Nf3
51. Kg2 Ke4 52. Kf2 d4 53. Ke2 Ne5 54. Rf8 d3+ 55. Kd2 Nf3+ 56. Kd1 Ke3
0-1

[Event "Spit & Sawdust Knock-out Blitz"]
[Site "SchemingMind.com"]
[Date "2009.05.15"]
[Round "-"]
[White "MrPerry"]
[Black "jesusch"]
[Result "0-1"]
[WhiteCountry "USA"]
[BlackCountry "ESP"]
[WhiteElo "1797"]
[WhiteRD "79"]
[BlackElo "1823"]
[BlackRD "87"]
[GameID "204839"]

1. e4 c5 2. d4 cxd4 3. c3 dxc3 4. Nxc3 Nc6 5. Nf3 e6 6. Bc4 d6 7. Bf4 Be7 8. Rc1 Nf6 9. O-O O-O 10. Qd2 a6
11. Rfd1 b5 12. Bb3 Na5 13. Qc2 Nxb3 14. Qxb3 Bb7 15. Bxd6 Bxd6 16. e5 Ne8 17. exd6 Nxd6 18. Qb4 Bxf3 19. gxf3 Qg5+ 20. Kf1 Nc4
21. b3 Nb2 22. Ne4 Qh6
0-1

[Event "Spit & Sawdust Knock-out Blitz"]
[Site "SchemingMind.com"]
[Date "2009.05.15"]
[Round "-"]
[White "jesusch"]
[Black "MrPerry"]
[Result "1-0"]
[WhiteCountry "ESP"]
[BlackCountry "USA"]
[WhiteElo "1823"]
[WhiteRD "87"]
[BlackElo "1797"]
[BlackRD "79"]
[GameID "204845"]

1. e4 c5 2. Nf3 d6 3. d4 cxd4 4. Nxd4 Nf6 5. Nc3 g6 6. Be3 a6 7. Be2 Nbd7 8. Qd2 b5 9. a3 Bb7 10. f3 Bg7
11. a4 b4 12. Na2 a5 13. c3 bxc3 14. Nxc3 O-O 15. O-O Ne8 16. Rab1 Nc7 17. b4 axb4 18. Rxb4 Nc5 19. Rfb1 Ba6 20. Nc6 Qd7
21. Bb5 Bxb5 22. axb5 Bxc3 23. Qxc3 Nxb5 24. Rxb5 Qxc6 25. Bh6
1-0

[Event "Spit & Sawdust Knock-out Blitz"]
[Site "SchemingMind.com"]
[Date "2009.05.18"]
[Round "-"]
[White "waldron"]
[Black "palaciorep"]
[Result "1-0"]
[WhiteCountry "USA"]
[BlackCountry "ARG"]
[WhiteElo "2190"]
[WhiteRD "68"]
[BlackElo "1694"]
[BlackRD "94"]
[GameID "205099"]

1. e4 e5 2. Bc4 Nc6 3. Nc3 Nf6 4. d3 h6 5. f4 exf4 6. Bxf4 d6 7. Nf3 Bg4 8. O-O Nd4 9. Qd2 Bxf3 10. gxf3 a6
11. Rae1 b5 12. e5 dxe5 13. Rxe5+ Be7 14. Nd5 Nc6 15. Nxf6+ Kf8 16. Rd5 Bd6 17. Ne4 bxc4 18. dxc4 Qb8 19. Rxd6 Qxb2 20. Rxc6 Qb7
21. Rxc7 Qb6+ 22. Kg2 g5 23. Qc3 Rh7 24. Bd6+
1-0

[Event "Spit & Sawdust Knock-out Blitz"]
[Site "SchemingMind.com"]
[Date "2009.05.18"]
[Round "-"]
[White "palaciorep"]
[Black "waldron"]
[Result "0-1"]
[WhiteCountry "ARG"]
[BlackCountry "USA"]
[WhiteElo "1694"]
[WhiteRD "94"]
[BlackElo "2190"]
[BlackRD "68"]
[GameID "205104"]

1. e4 c5 2. Nf3 e6 3. e5 d5 4. Bb5+ Bd7 5. Bxd7+ Nxd7 6. O-O Ne7 7. d4 cxd4 8. Qxd4 Nc6 9. Qf4 Qc7 10. Re1 Ndxe5
11. Nxe5 Bd6 12. Nc3 Bxe5 13. Qd2 O-O 14. g3 Rac8 15. Ne2 Rfd8 16. c3 d4 17. cxd4 Bxd4 18. Nxd4 Nxd4 19. Kg2 Qc6+ 20. Kh3 Rd5
21. Re4 Rh5+ 22. Rh4 Rxh4+ 23. Kxh4 Nf3+ 24. Kh3 Nxd2 25. Bxd2 Qf3 26. Be3 b6 27. b3 e5 28. Rf1 Rc3 29. Re1 f5 30. Bd2 Rc2
31. Bb4 Rxf2 32. Rxe5 Qg4#
0-1

[Event "Spit & Sawdust Knock-out Blitz"]
[Site "SchemingMind.com"]
[Date "2009.06.20"]
[Round "-"]
[White "waldron"]
[Black "reo"]
[Result "1-0"]
[WhiteCountry "USA"]
[BlackCountry "THA"]
[WhiteElo "2190"]
[WhiteRD "68"]
[BlackElo "1847"]
[BlackRD "67"]
[GameID "209318"]

1. c4 Nf6 2. g3 g6 3. Bg2 Bg7 4. Nc3 O-O 5. d3 d6 6. Bg5 e5 7. Qd2 Re8 8. e4 Be6 9. Nge2 Nbd7 10. O-O c6
11. b3 Qa5 12. Rad1 d5 13. cxd5 cxd5 14. exd5 Nxd5 15. Nxd5
1-0

[Event "Spit & Sawdust Knock-out Blitz"]
[Site "SchemingMind.com"]
[Date "2009.06.20"]
[Round "-"]
[White "reo"]
[Black "waldron"]
[Result "0-1"]
[WhiteCountry "THA"]
[BlackCountry "USA"]
[WhiteElo "1847"]
[WhiteRD "67"]
[BlackElo "2190"]
[BlackRD "68"]
[GameID "209324"]

1. d4 Nf6 2. c4 Nc6 3. Nf3 e6 4. a3 d6 5. Nc3 g6 6. e4 Bg7 7. d5 Ne7 8. Be2 O-O 9. O-O Nd7 10. Qc2 f5
11. dxe6 Nc5 12. exf5 Rxf5 13. Ng5 Nc6 14. Nf7 Qf8 15. Bg4 Bxe6 16. Ng5 Rxg5 17. Bxe6+ Nxe6 18. Bxg5 Nxg5 19. Rae1 Qf7 20. b3 Nd4
0-1

[Event "Spit & Sawdust Knock-out Blitz"]
[Site "SchemingMind.com"]
[Date "2009.07.24"]
[Round "-"]
[White "Schaakmaatje"]
[Black "jesusch"]
[Result "1-0"]
[WhiteCountry "NED"]
[BlackCountry "ESP"]
[WhiteElo "1674"]
[WhiteRD "50"]
[BlackElo "1861"]
[BlackRD "84"]
[GameID "213039"]

1. e4 c5 2. Nf3 d6 3. Bb5+ Bd7 4. Bxd7+ Qxd7 5. c4 Nc6 6. d4 cxd4 7. Nxd4 Nf6 8. Nc3 g6 9. f3 Bg7 10. Be3 O-O
11. O-O e6 12. Qd2 Rfd8 13. Rad1 Na5 14. b3 Nc6 15. Ndb5 Ne8 16. c5 Bf8 17. Bf4 d5 18. exd5 Bxc5+ 19. Kh1 a6 20. Ne4 Qxd5
21. Qxd5 Rxd5 22. Nc7 Nxc7 23. Bxc7 Ba7 24. Nf6+ Kg7 25. Nxd5 exd5 26. Rxd5 Re8 27. Rfd1 Re2 28. a3 Rb2 29. R5d3 Bc5 30. b4 Be7
31. h3 Bf6 32. f4 Rf2 33. Kg1 Re2 34. Kf1 Re7 35. Bd6 Re6 36. g4 h6 37. Kf2 Re4 38. Kf3 Rc4 39. Ke3 Rc2 40. R1d2= Rxd2
41. Rxd2 Bc3 42. Rd3 Bf6 43. Ke4 Bb2 44. a4 Bf6 45. b5 axb5 46. axb5 Na7 47. Rd5 Nc8 48. Bc5 b6 49. Be3 Bb2 50. Rd8 Na7
51. Rd5 Nc8 52. Bd4+ Bxd4 53. Kxd4 Kf6 54. Rd8
1-0

[Event "Spit & Sawdust Knock-out Blitz"]
[Site "SchemingMind.com"]
[Date "2009.07.24"]
[Round "-"]
[White "jesusch"]
[Black "Schaakmaatje"]
[Result "1-0"]
[WhiteCountry "ESP"]
[BlackCountry "NED"]
[WhiteElo "1896"]
[WhiteRD "86"]
[BlackElo "1710"]
[BlackRD "50"]
[GameID "213046"]

1. e4 c5 2. Nf3 a6 3. c4 d6 4. d4 cxd4 5. Nxd4 Nf6 6. Nc3 g6 7. Be2 Nc6 8. Be3 Bg7 9. Qd2 O-O 10. f3 e5
11. Nxc6 bxc6 12. Rd1 Ne8 13. O-O f5 14. c5 Rf6 15. Bg5
1-0

[Event "Spit & Sawdust Knock-out Blitz"]
[Site "SchemingMind.com"]
[Date "2009.09.19"]
[Round "-"]
[White "waldron"]
[Black "jesusch"]
[Result "1-0"]
[WhiteCountry "USA"]
[BlackCountry "ESP"]
[WhiteElo "2239"]
[WhiteRD "66"]
[BlackElo "1860"]
[BlackRD "87"]
[GameID "220164"]

1. c4 e5 2. Nc3 Nf6 3. g3 Bb4 4. Bg2 O-O 5. Qb3 a5 6. e3 Bxc3 7. bxc3 Nc6 8. d4 a4 9. Qc2 Na5 10. dxe5 Ng4
11. f4 Nxc4 12. Qd3 d5 13. h3 Nh6 14. Qxd5 Qxd5 15. Bxd5 Nb6 16. Bg2 Rd8 17. Ne2 c6 18. Kf2 a3 19. Rb1 Na4 20. Rb3 Nc5
21. Rxa3 Nd3+ 22. Kf3 Be6 23. e4 Bc4 24. Rxa8 Rxa8 25. Rd1 Kf8 26. Be3 Rxa2 27. Nc1 Nxc1 28. Bc5+ Ke8 29. Rxc1 b5 30. g4 f6
31. exf6 gxf6 32. Kg3 Nf7 33. e5 fxe5 34. Bxc6+ Kd8 35. Re1 exf4+ 36. Kxf4 Kc7 37. Bf3 Rc2 38. Re7+ Kd8 39. Ra7 Kc8 40. Bb6 Rxc3
41. Bc6
1-0

[Event "Spit & Sawdust Knock-out Blitz"]
[Site "SchemingMind.com"]
[Date "2009.09.17"]
[Round "-"]
[White "jesusch"]
[Black "waldron"]
[Result "0-1"]
[WhiteCountry "ESP"]
[BlackCountry "USA"]
[WhiteElo "1860"]
[WhiteRD "87"]
[BlackElo "2239"]
[BlackRD "66"]
[GameID "220176"]

1. e4 d6 2. d4 Nf6 3. Nc3 g6 4. Be3 Bg7 5. f3 c6 6. Qd2 Qa5 7. g4 h5 8. g5 Nfd7 9. f4 Na6 10. Nge2 b5
11. Nb1 b4 12. Qd1 Nb6 13. Nd2 d5 14. Nb3 Qa4 15. e5 Nc4 16. Bc1 Bg4 17. h3 Be6 18. a3 O-O 19. axb4 Qxb4+ 20. Nc3 Qb6
21. Na4 Qb8 22. Bd3 Qc8 23. Nac5 Nxc5 24. Nxc5 Bxh3 25. c3 a5 26. Na4 Rb8 27. b3 Nb6 28. Qc2 Nxa4 29. Rxa4 Ra8 30. Ra2 Qd7
31. Ba3 Rfe8 32. Bc5 Qe6 33. Bb6 Reb8 34. Bxa5 Qc8 35. Bb4 Rxa2 36. Qxa2 Ra8 37. Qb2 Qg4 38. Be2 Qg3+ 39. Kd1 Bg2 40. Rg1 h4
41. Bf1 Bf3+
0-1